<?xml version="1.0" encoding="UTF-8"?>
<record
    xmlns:xsi="http://www.w3.org/2001/XMLSchema-instance"
    xsi:schemaLocation="http://www.loc.gov/MARC21/slim http://www.loc.gov/standards/marcxml/schema/MARC21slim.xsd"
    xmlns="http://www.loc.gov/MARC21/slim">

  <leader>03845njm a2200505Ia 4500</leader>
  <controlfield tag="001">25593</controlfield>
  <controlfield tag="003">IT-RoPAU</controlfield>
  <controlfield tag="005">20220918181120.0</controlfield>
  <controlfield tag="008">131025s9999    xx            000 0 und d</controlfield>
  <datafield tag="040" ind1=" " ind2=" ">
    <subfield code="a">IT-RoPAU</subfield>
  </datafield>
  <datafield tag="040" ind1=" " ind2=" ">
    <subfield code="c">IT-RoPAU</subfield>
  </datafield>
  <datafield tag="999" ind1=" " ind2=" ">
    <subfield code="c">99684</subfield>
    <subfield code="d">99684</subfield>
  </datafield>
  <datafield tag="999" ind1=" " ind2=" ">
    <subfield code="b">NO</subfield>
  </datafield>
  <datafield tag="100" ind1=" " ind2=" ">
    <subfield code="a">AA.VV.</subfield>
    <subfield code="9">794</subfield>
  </datafield>
  <datafield tag="100" ind1=" " ind2=" ">
    <subfield code="e">Autore musica</subfield>
    <subfield code="9">12306</subfield>
  </datafield>
  <datafield tag="100" ind1=" " ind2=" ">
    <subfield code="g">Codice autore musica SPICS: 12000</subfield>
    <subfield code="9">796</subfield>
  </datafield>
  <datafield tag="245" ind1=" " ind2=" ">
    <subfield code="a">Buon Natale</subfield>
  </datafield>
  <datafield tag="250" ind1=" " ind2=" ">
    <subfield code="a">1a ed.</subfield>
  </datafield>
  <datafield tag="260" ind1=" " ind2=" ">
    <subfield code="a">ROMA</subfield>
  </datafield>
  <datafield tag="260" ind1=" " ind2=" ">
    <subfield code="b">RCA (RADIO CORP. AMERICA)</subfield>
    <subfield code="c">1982 [1a Ed.:1982]</subfield>
  </datafield>
  <datafield tag="300" ind1=" " ind2=" ">
    <subfield code="a">DISCO</subfield>
  </datafield>
  <datafield tag="300" ind1=" " ind2=" ">
    <subfield code="c">43 minuti (Testo:  pag.)</subfield>
  </datafield>
  <datafield tag="500" ind1=" " ind2=" ">
    <subfield code="a">Brani di musica classica strumentale e religiosa. Arrangiamento</subfield>
  </datafield>
  <datafield tag="505" ind1=" " ind2=" ">
    <subfield code="a">Silent Night, Holy Night (3:00) - White Christmas (3:00) - Jingle Bells (3:00) - Little Drummer Boy (4:00) - Santa Claus Is Coming To Town (3:00) - Little Red Nosed Reinder (3:00) - Ave Maria (3:00) - Largo (3:00) - Christmas concerto (4:00) - Jesus que ma joie demeure (4:00) - Aba Haidschi Bumbaidschi-Am Weihnachtsbaum Die Lichter Brennen (2:00) - Leise Rieselt Der Schnee (3:00) - Silver Bells (3:00) - O Tannenbaum (3:00) - Ave Maria (3:00) - O Tannenbaum/Minuit Chretien/He Was Born the Holy Child (4:00)</subfield>
  </datafield>
  <datafield tag="650" ind1=" " ind2=" ">
    <subfield code="a">ARRANGIAMENTO [DISCHI]</subfield>
    <subfield code="e">Codice MATERIA SPICS: 9950</subfield>
    <subfield code="9">12307</subfield>
  </datafield>
  <datafield tag="700" ind1=" " ind2=" ">
    <subfield code="a">Clayderman Richard</subfield>
    <subfield code="g">Codice interprete SPICS: 7953</subfield>
    <subfield code="e">Interprete</subfield>
    <subfield code="9">12308</subfield>
  </datafield>
  <datafield tag="700" ind1=" " ind2=" ">
    <subfield code="a">Anonimo</subfield>
    <subfield code="g">Codice autore musica SPICS: 2620</subfield>
    <subfield code="e">Autore musica</subfield>
    <subfield code="p">Silent Night, Holy Night - Jingle Bells - Aba Haidschi Bumbaidschi-Am Weihnachtsbaum Die Lichter Brennen - O Tannenbaum - O Tannenbaum/Minuit Chretien/He Was Born the Holy Child</subfield>
    <subfield code="9">12309</subfield>
  </datafield>
  <datafield tag="700" ind1=" " ind2=" ">
    <subfield code="a">Toussaint Olivier</subfield>
    <subfield code="g">Codice autore SPICS: 14363</subfield>
    <subfield code="e">Autore</subfield>
    <subfield code="p">White Christmas - Jingle Bells - Ave Maria - Largo - Christmas concerto - Jesus que ma joie demeure - Aba Haidschi Bumbaidschi - Leise Rieselt Der Schnee - O Tannenbaum - Ave Maria - O Tannenbaum/Minuit Chretien/He Was Born the Holy Child</subfield>
    <subfield code="9">12310</subfield>
  </datafield>
  <datafield tag="700" ind1=" " ind2=" ">
    <subfield code="a">Salesses Gerard</subfield>
    <subfield code="g">Codice autore testo/musica SPICS: 25301</subfield>
    <subfield code="e">Autore testo/musica</subfield>
    <subfield code="p">Silent Night, Holy Night - Jingle Bells - Ave Maria - Largo - Christmas concerto - Jesus que ma joie demeure - Aba Haidschi Bumbaidschi - Leise Rieselt Der Schnee - O Tannenbaum - Ave Maria - O Tannenbaum/Minuit Chretien/He Was Born the Holy Child</subfield>
    <subfield code="9">12311</subfield>
  </datafield>
  <datafield tag="700" ind1=" " ind2=" ">
    <subfield code="a">Berlin Irving</subfield>
    <subfield code="g">Codice autore musica SPICS: 14042</subfield>
    <subfield code="e">Autore musica</subfield>
    <subfield code="p">White Christmas</subfield>
    <subfield code="9">12312</subfield>
  </datafield>
  <datafield tag="700" ind1=" " ind2=" ">
    <subfield code="a">Simeone M.</subfield>
    <subfield code="g">Codice autore musica SPICS: 15527</subfield>
    <subfield code="e">Autore musica</subfield>
    <subfield code="p">Little Drummer Boy</subfield>
    <subfield code="9">12313</subfield>
  </datafield>
  <datafield tag="700" ind1=" " ind2=" ">
    <subfield code="a">Onorati H.</subfield>
    <subfield code="g">Codice autore SPICS: 15528</subfield>
    <subfield code="e">Autore</subfield>
    <subfield code="p">Little Drummer Boy</subfield>
    <subfield code="9">12314</subfield>
  </datafield>
  <datafield tag="700" ind1=" " ind2=" ">
    <subfield code="a">Davis</subfield>
    <subfield code="g">Codice autore testo/musica SPICS: 20478</subfield>
    <subfield code="e">Autore testo/musica</subfield>
    <subfield code="p">Little Drummer Boy</subfield>
    <subfield code="9">12315</subfield>
  </datafield>
  <datafield tag="700" ind1=" " ind2=" ">
    <subfield code="a">Gillespie Dizzy</subfield>
    <subfield code="g">Codice autore musica SPICS: 10777</subfield>
    <subfield code="e">Autore musica</subfield>
    <subfield code="p">Santa Claus Is Coming To Town</subfield>
    <subfield code="9">12316</subfield>
  </datafield>
  <datafield tag="700" ind1=" " ind2=" ">
    <subfield code="a">Coots F.</subfield>
    <subfield code="g">Codice autore SPICS: 22825</subfield>
    <subfield code="e">Autore</subfield>
    <subfield code="p">Santa Claus Is Coming To Town</subfield>
    <subfield code="9">12317</subfield>
  </datafield>
  <datafield tag="700" ind1=" " ind2=" ">
    <subfield code="a">Marks J.</subfield>
    <subfield code="g">Codice autore musica SPICS: 15879</subfield>
    <subfield code="e">Autore musica</subfield>
    <subfield code="p">Little Red Nosed Reinder</subfield>
    <subfield code="9">12318</subfield>
  </datafield>
  <datafield tag="700" ind1=" " ind2=" ">
    <subfield code="a">Schubert Franz</subfield>
    <subfield code="g">Codice autore musica SPICS: 10690</subfield>
    <subfield code="e">Autore musica</subfield>
    <subfield code="p">Ave Maria</subfield>
    <subfield code="9">12319</subfield>
  </datafield>
  <datafield tag="700" ind1=" " ind2=" ">
    <subfield code="a">Handel Georg Friedrich</subfield>
    <subfield code="g">Codice autore musica SPICS: 5619</subfield>
    <subfield code="e">Autore musica</subfield>
    <subfield code="p">Largo</subfield>
    <subfield code="9">12320</subfield>
  </datafield>
  <datafield tag="700" ind1=" " ind2=" ">
    <subfield code="a">Corelli Arcangelo</subfield>
    <subfield code="g">Codice autore musica SPICS:  7993</subfield>
    <subfield code="e">Autore musica</subfield>
    <subfield code="p">Christmas concerto</subfield>
    <subfield code="9">12321</subfield>
  </datafield>
  <datafield tag="700" ind1=" " ind2=" ">
    <subfield code="a">Bach Johann Sebastian</subfield>
    <subfield code="g">Codice autore musica SPICS: 9695</subfield>
    <subfield code="e">Autore musica</subfield>
    <subfield code="p">Jesus que ma joie demeure</subfield>
    <subfield code="9">12322</subfield>
  </datafield>
  <datafield tag="700" ind1=" " ind2=" ">
    <subfield code="a">Ebel Marianne</subfield>
    <subfield code="g">Codice autore musica SPICS: 12095</subfield>
    <subfield code="e">Autore musica</subfield>
    <subfield code="p">Leise Rieselt Der Schnee</subfield>
    <subfield code="9">12323</subfield>
  </datafield>
  <datafield tag="700" ind1=" " ind2=" ">
    <subfield code="a">Livingstone J.</subfield>
    <subfield code="g">Codice autore musica SPICS: 14097</subfield>
    <subfield code="e">Autore musica</subfield>
    <subfield code="p">Silver Bells</subfield>
    <subfield code="9">12324</subfield>
  </datafield>
  <datafield tag="700" ind1=" " ind2=" ">
    <subfield code="a">Evans Bill</subfield>
    <subfield code="g">Codice autore SPICS: 16457</subfield>
    <subfield code="e">Autore</subfield>
    <subfield code="p">Silver Bells</subfield>
    <subfield code="9">12325</subfield>
  </datafield>
  <datafield tag="700" ind1=" " ind2=" ">
    <subfield code="a">Gounod Charles</subfield>
    <subfield code="g">Codice autore musica SPICS: 10670</subfield>
    <subfield code="e">Autore musica</subfield>
    <subfield code="p">Ave Maria</subfield>
    <subfield code="9">12326</subfield>
  </datafield>
  <datafield tag="942" ind1=" " ind2=" ">
    <subfield code="c">MD</subfield>
    <subfield code="2">ddc</subfield>
  </datafield>
  <datafield tag="952" ind1=" " ind2=" ">
    <subfield code="0">0</subfield>
    <subfield code="1">0</subfield>
    <subfield code="4">0</subfield>
    <subfield code="6">25593_000000000000000</subfield>
    <subfield code="7">1</subfield>
    <subfield code="a">SPICS</subfield>
    <subfield code="b">SPICS</subfield>
    <subfield code="d">2013-10-25</subfield>
    <subfield code="l">0</subfield>
    <subfield code="o">25593</subfield>
    <subfield code="r">2013-10-25 00:00:00</subfield>
    <subfield code="w">2013-10-25</subfield>
    <subfield code="y">MD</subfield>
    <subfield code="z">Progr. Ins.: 5467 / N.Vol.: 1 / Copie: 1 - Copia rara: NO / date import: 01.01.2014 - By Epidotti, Trombetti, Vaglietti</subfield>
  </datafield>
</record>
